La réponse termine par M - Statistiques

Statistiques générales
  • Ce quiz a été pris 419 fois
  • Le résultat moyen est 13 sur 20
Statistiques - réponses
Indices Réponses % Correct
Nos parents nous en attribue un à notre naissance Prénom
99%
Objectif permettant d'agrandir une image Zoom
92%
Sorte de cahier dans lequel on peut afficher diverses photos Album
88%
Importante augmentation du taux de natalité après la fin de la Seconde Guerre mondiale Baby Boom
88%
Discipline de ski consistant à passer entre des piquets lors d'une descente Slalom
86%
Réseau social créé par Kevin Systrom et Mike Krieger en 2010 Instagram
85%
Spécialité culinaire vietnamienne connue sous le nom de rouleau de printemps Nem
84%
Syndrome d'un otage qui développe de l'empathie pour son preneur d'otage Stockholm
83%
Rassemblement d'un grand nombre d'abeilles Essaim
80%
Capitale d'Israël Jerusalem
80%
Pays dont Hanoï est la capitale Vietnam
77%
Eau-de-vie originaire des Caraïbes Rhum
76%
Élément chimique dont le symbole est K Potassium
65%
Plante aromatique composant la base d'un bouquet garni Thym
59%
Cervidé principalement européen ou marque de friandise chocolatée suédoise Daim
56%
Chant pour les morts dans la liturgie catholique Requiem
35%
Dans Apocalypse Now, le Colonel Kilgore adore respirer cette odeur au matin Napalm
31%
Cinquième jeu de la série de jeu vidéo The Elder Scrolls Skyrim
31%
En scoutisme, nom d'animal attribué à un membre de la troupe Totem
26%
Société japonaise de jeu vidéo créatrice de Resident Evil, Monster Hunter et Street Fighter Capcom
22%
Aucun quiz correspondant
Distribution des résultats
% des personnes avec chaque résultat
Percentile par nombre de réponses
Votre historique - résultats
Vous n’avez pas pris ce quiz